[Event "the 4th english slow knockout "]
[Site "SchemingMind.com"]
[Date "2020.06.14"]
[Round "-"]
[White "dadshane2000"]
[Black "Phillip Beckett"]
[Result "1-0"]
[WhiteCountry "USA"]
[BlackCountry "ENG"]
[WhiteElo "1763"]
[WhiteRD "90"]
[BlackElo "1549"]
[BlackRD "50"]
[GameID "456492"]

1. c4 e5 2. Nc3 Nf6 3. Nf3 Nc6 4. g3 d5 5. cxd5 Nxd5 6. Bg2 Be6 7. O-O f6 8. e4 Nxc3 9. dxc3 Qxd1 10. Rxd1 Be7
11. Be3 O-O 12. Rd2 Rfd8 13. Rad1 Rxd2 14. Rxd2 Rd8 15. Rxd8+ Bxd8 16. b3 a5 17. Nd2 a4 18. f4 exf4 19. Bxf4 axb3 20. axb3 Na5
21. b4 Nc6 22. Kf2 Ne5 23. h3 Nc4 24. Nxc4 Bxc4 25. e5 fxe5 26. Bxe5 c6 27. Ke3 Bg5+ 28. Kd4 Be2 29. c4 Bc1 30. Kc3 Ba3
31. c5 Ba6 32. Bf4 Kf7 33. Kb3 Bxb4 34. Kxb4 Ke6 35. Ka5
1-0

[Event "the 4th english slow knockout "]
[Site "SchemingMind.com"]
[Date "2020.06.15"]
[Round "-"]
[White "Phillip Beckett"]
[Black "dadshane2000"]
[Result "0-1"]
[WhiteCountry "ENG"]
[BlackCountry "USA"]
[WhiteElo "1557"]
[WhiteRD "51"]
[BlackElo "1773"]
[BlackRD "94"]
[GameID "456493"]

1. c4 g6 2. Nc3 Bg7 3. e4 Nc6 4. d3 e5 5. Nd5 Nf6 6. Be2 Nd4 7. Nf3 d6 8. O-O Nxe2+ 9. Qxe2 h6 10. b3 c6
11. Nxf6+ Qxf6 12. Be3 Bg4 13. h3 Bxf3 14. Qxf3 Qxf3 15. gxf3 O-O 16. Rad1 f5 17. Kh2 f4 18. Bc1 g5 19. Rg1 Kh7 20. Rg4 Bf6
21. Rdg1 Rf7 22. Bd2 h5 23. R4g2 Rg7 24. Kh1 Rag8 25. h4 gxh4 26. Rxg7+ Rxg7 27. Rxg7+ Kxg7 28. Kh2 Kf7 29. Kh3 Ke6 30. a4 b6
31. a5 d5 32. axb6 axb6 33. cxd5+ cxd5 34. Bb4 d4 35. Bf8 Kd7 36. Bb4 Kc6 37. Bd2 Kb5 38. b4 Be7 39. Kh2 Ka4 40. Kh3 b5
0-1

[Event "the 4th english slow knockout "]
[Site "SchemingMind.com"]
[Date "2020.06.14"]
[Round "-"]
[White "Daryl Fouard"]
[Black "John Hamer"]
[Result "1-0"]
[WhiteCountry "USA"]
[BlackCountry "ENG"]
[WhiteElo "1774"]
[WhiteRD "112"]
[BlackElo "2004"]
[BlackRD "60"]
[GameID "456542"]

1. c4 Nf6 2. Nf3 g6 3. Nc3 Bg7 4. e4 d6 5. d4 O-O 6. Be2 Nbd7 7. O-O c6 8. Re1 a6 9. a4 Rb8 10. h3 Re8
11. Bf4 b6 12. b4 Nh5 13. Bh2 e5 14. c5 dxc5 15. bxc5 bxc5 16. dxe5 Qe7 17. Bc4 Rb6 18. e6 fxe6 19. e5 Bh6 20. Ne4 Kh8
21. g4 Rb4 22. gxh5 Rxc4 23. Nd6 Rc3 24. Nxe8 Qxe8 25. hxg6 Qxg6+ 26. Bg3 Qf7 27. Qd6 Rxf3 28. Qxc6 Qf8 29. Qxe6 Bg7 30. Qc6 Rb3
31. Rad1 Rb6 32. Qe4 Bb7 33. Qf4 Qe8 34. Qf5 Re6 35. f4 Bc6 36. Rd6 Rh6 37. Rxh6 Bxh6 38. e6 Qg8= 39. Kh2 Qg7 40. Qc2 Nf6
41. f5
1-0

[Event "the 4th english slow knockout "]
[Site "SchemingMind.com"]
[Date "2020.06.14"]
[Round "-"]
[White "John Hamer"]
[Black "Daryl Fouard"]
[Result "1-0"]
[WhiteCountry "ENG"]
[BlackCountry "USA"]
[WhiteElo "1964"]
[WhiteRD "58"]
[BlackElo "1736"]
[BlackRD "111"]
[GameID "456543"]

1. c4 Nf6 2. d4 c5 3. Nf3 cxd4 4. Nxd4 b6 5. Nc3 Bb7 6. f3 e6 7. e4 d6 8. Be2 Nbd7 9. O-O Be7 10. Be3 O-O
11. Qd2 a6 12. Rfd1 Rc8 13. Rac1 Re8 14. Na4 Bf8 15. Nb3 Bc6 16. Nc3 Nc5 17. Nd4 Bb7 18. b4 Ncd7 19. Qb2 a5 20. Nc2 axb4
21. Nxb4 d5 22. cxd5 exd5 23. Nbxd5 Be7 24. Nxb6 Bc5 25. Bxc5 Rb8 26. Bb5 Qc7 27. Bd4 Qf4 28. g3 Qg5 29. f4 Qg6 30. f5 Qg5
31. Bxd7
1-0

[Event "the 4th english slow knockout "]
[Site "SchemingMind.com"]
[Date "2020.06.15"]
[Round "-"]
[White "cnile"]
[Black "Diadoco"]
[Result "0-1"]
[WhiteCountry "SCO"]
[BlackCountry "MEX"]
[WhiteElo "1458"]
[WhiteRD "64"]
[BlackElo "1970"]
[BlackRD "121"]
[GameID "456621"]

1. c4 e5 2. Nc3 Nf6 3. d3 c6 4. g3 d5 5. cxd5 cxd5 6. Bg2 Nc6 7. Bg5 Be6 8. Nf3 Be7 9. O-O h6 10. Bd2 O-O
11. a3 Rc8 12. Rc1 a6 13. Kh1 Qd7 14. Re1 Rfd8 15. e4 d4 16. Ne2 b5 17. b4 Bd6 18. Nfg1 Ng4 19. Rf1 f5 20. h3 Nf6
21. exf5 Bxf5 22. Qb3+ Be6 23. Qd1 Ne7 24. Nf3 Bxh3 25. Neg1 Bf5 26. Qb3+ Be6 27. Qb2 Bd5 28. Nh4 Bxg2+ 29. Kxg2 g5 30. Nhf3 Qf5
31. Rfe1 Ng6 32. Qb3+ Kg7 33. Rxc8 Rxc8 34. Rc1 Rxc1 35. Bxc1 g4 36. Nh2 e4 37. dxe4 Nxe4 38. Qc2 h5 39. Nf1 Qd5 40. Kh2 h4
41. Kg2 Nxg3+ 42. f3 h3+ 43. Kf2 Nxf1
0-1

[Event "the 4th english slow knockout "]
[Site "SchemingMind.com"]
[Date "2020.06.15"]
[Round "-"]
[White "Diadoco"]
[Black "cnile"]
[Result "1-0"]
[WhiteCountry "MEX"]
[BlackCountry "SCO"]
[WhiteElo "1967"]
[WhiteRD "114"]
[BlackElo "1513"]
[BlackRD "69"]
[GameID "456622"]

1. c4 e6 2. g3 d5 3. d4 Nf6 4. Nf3 c6 5. Nbd2 Be7 6. Bg2 Nbd7 7. O-O O-O 8. Qc2 dxc4 9. Nxc4 Nd5 10. a3 N7f6
11. e4 Nb6 12. Nce5 Bd7 13. b4 Rc8 14. Be3 Ne8 15. Rfd1 Nf6 16. Rac1 Ne8 17. Qd2 f6 18. Nd3 Nc7 19. Nc5 Rb8 20. Qa2 Kh8
21. Qb3 e5 22. dxe5 fxe5 23. Nxd7 Nxd7 24. Nxe5 Nxe5 25. Rxd8 Rbxd8 26. Rd1 Rxd1+ 27. Qxd1
1-0

[Event "the 4th english slow knockout "]
[Site "SchemingMind.com"]
[Date "2020.07.06"]
[Round "-"]
[White "frankly"]
[Black "Darnell"]
[Result "1-0"]
[WhiteCountry "ENG"]
[BlackCountry "CAN"]
[WhiteElo "2589"]
[WhiteRD "67"]
[BlackElo "1598"]
[BlackRD "116"]
[GameID "457306"]

1. c4 Nf6 2. Nf3 g6 3. Nc3 Bg7 4. d4 c5 5. d5 e6 6. e4 d6 7. h3 Bd7 8. Bd3 O-O 9. O-O a6 10. Re1 b5
11. dxe6 fxe6 12. cxb5 axb5 13. Nxb5
1-0

[Event "the 4th english slow knockout "]
[Site "SchemingMind.com"]
[Date "2020.07.06"]
[Round "-"]
[White "Darnell"]
[Black "frankly"]
[Result "0-1"]
[WhiteCountry "CAN"]
[BlackCountry "ENG"]
[WhiteElo "1598"]
[WhiteRD "116"]
[BlackElo "2589"]
[BlackRD "67"]
[GameID "457307"]

1. c4 e5 2. Nf3 e4 3. Nd4 Nc6 4. Nxc6 dxc6 5. d3 exd3 6. exd3 Ne7 7. Bg5 Be6 8. g3 h6 9. Bf4 Nf5 10. Bg2 Qd4
11. Nc3 g5 12. Bxc7 Rc8 13. Ba5 Qe5+
0-1

[Event "the 4th english slow knockout "]
[Site "SchemingMind.com"]
[Date "2020.08.10"]
[Round "-"]
[White "Johnny Owens"]
[Black "Matthew Bailey"]
[Result "1/2-1/2"]
[WhiteCountry "USA"]
[BlackCountry "ENG"]
[WhiteElo "1999"]
[WhiteRD "81"]
[BlackElo "2526"]
[BlackRD "70"]
[GameID "458598"]

1. c4 e5 2. g3 Nf6 3. Bg2 c6 4. Nc3 Bb4 5. d4 Qa5 6. dxe5 Bxc3+ 7. bxc3 Qxc3+ 8. Bd2 Qxe5 9. Nf3 Qe7 10. O-O O-O
11. e4 d6 12. Nh4 Be6 13. Re1 Na6 14. Bc3 Nc5 15. Qd2 Rfe8 16. Rad1 Na4 17. Bd4 Nb6 18. Bf1 Nfd7 19. Nf5 Bxf5 20. exf5 Ne5
21. Re3 c5 22. Ba1 Qf8 23. Qc2 Rad8 24. Rb3 f6 25. a4 Qf7 26. Bxe5 dxe5 27. Rdb1 Qc7 28. Bg2 Kh8 29. a5 Nc8 30. Bxb7 Qxa5
31. Bd5 Nd6 32. Kg2 e4 33. Qe2 Nxf5 34. Qg4 Nd6 35. Rb7 Nxb7 36. Rxb7 Rg8 37. Bxe4 Rd4 38. Qf5 Rxe4 39. Qxe4 h6 40. Qe6 Qa3
41. Qd5 a5 42. Rc7 a4 43. Rxc5 Qb3 44. Ra5 Rc8 45. Ra8 Rxa8 46. Qxa8+ Kh7 47. Qe4+ Kg8=
1/2-1/2

[Event "the 4th english slow knockout "]
[Site "SchemingMind.com"]
[Date "2020.08.10"]
[Round "-"]
[White "Matthew Bailey"]
[Black "Johnny Owens"]
[Result "1/2-1/2"]
[WhiteCountry "ENG"]
[BlackCountry "USA"]
[WhiteElo "2526"]
[WhiteRD "70"]
[BlackElo "1999"]
[BlackRD "81"]
[GameID "458599"]

1. c4 e6 2. d4 f5 3. g3 Nf6 4. Bg2 d5 5. Nf3 c6 6. Bf4 Nbd7 7. Nbd2 Be7 8. Qc2 Ne4 9. Ne5 Bf6 10. Nxe4 dxe4
11. f3 exf3 12. Nxf3 Qe7 13. Qc3 g5 14. Be3 e5 15. O-O O-O 16. dxe5 Nxe5 17. Nxe5 Bxe5 18. Bxg5 Bxc3 19. Bxe7 Bd4+ 20. Kh1 Bxb2
21. Bxf8 Bxa1 22. Bd6 Bg7 23. Rb1 a5 24. a4 Bf8 25. Bxf8 Kxf8 26. Kg1 Ke7 27. c5 Kf6 28. e4 Rb8 29. e5+ Kxe5 30. Bxc6 Kd4
31. Rb5 Ra8 32. Bxb7 Bxb7 33. Rxb7 Rc8 34. Rxh7 Rxc5 35. Ra7 Kc3 36. Rh7 Kb3 37. Rh4 Rc1+ 38. Kg2 Rc2+ 39. Kf3 Rc3+ 40. Kf4 Kxa4
41. Kxf5+ Kb3 42. Rh8 Rc5+ 43. Kg6 Rc4 44. Rb8+ Kc2 45. Ra8 a4 46. Kf5=
1/2-1/2

[Event "the 4th english slow knockout "]
[Site "SchemingMind.com"]
[Date "2020.08.10"]
[Round "-"]
[White "Clive Everill"]
[Black "David Connolly"]
[Result "1-0"]
[WhiteCountry "CZE"]
[BlackCountry "WLS"]
[WhiteElo "1754"]
[WhiteRD "58"]
[BlackElo "1993"]
[BlackRD "83"]
[GameID "458620"]

1. c4 c5 2. Nc3 g6 3. Nf3 Bg7 4. g3 Nc6 5. Bg2 d6 6. O-O e6 7. Rb1 Nge7 8. a3 O-O 9. b4 b6 10. e3 Bb7
11. d4 cxd4 12. exd4
1-0

[Event "the 4th english slow knockout "]
[Site "SchemingMind.com"]
[Date "2020.08.10"]
[Round "-"]
[White "David Connolly"]
[Black "Clive Everill"]
[Result "0-1"]
[WhiteCountry "WLS"]
[BlackCountry "CZE"]
[WhiteElo "1993"]
[WhiteRD "83"]
[BlackElo "1754"]
[BlackRD "58"]
[GameID "458621"]

1. c4 Nf6 2. Nf3 g6 3. Nc3 Bg7 4. e4 O-O 5. d4 d6 6. Be2 e5 7. O-O Nc6 8. d5 Ne7 9. b4 Nh5 10. Re1 f5
11. Ng5 Nf6 12. Bf3 c6
0-1

[Event "the 4th english slow knockout "]
[Site "SchemingMind.com"]
[Date "2020.09.17"]
[Round "-"]
[White "frankly"]
[Black "Olli Ylönen"]
[Result "1-0"]
[WhiteCountry "ENG"]
[BlackCountry "FIN"]
[WhiteElo "2594"]
[WhiteRD "63"]
[BlackElo "1842"]
[BlackRD "121"]
[GameID "459976"]

1. c4 e5 2. Nc3 Nf6 3. Nf3 Nc6 4. e4 Bb4 5. d3 d6 6. a3 Bc5 7. b4 Bb6 8. Be3 Ng4 9. Bxb6 axb6 10. h3 Nf6
11. Be2 O-O 12. O-O Re8 13. Qd2 Bd7 14. Qe3 h6 15. Rfd1 Ne7 16. d4 exd4 17. Nxd4 Nc6 18. Ndb5 Ne5 19. c5 bxc5 20. bxc5 dxc5
21. f4 Nc6 22. e5 b6 23. Bf3 Qc8 24. Rxd7 Nxd7 25. Bxc6 Rb8 26. Rd1 Rd8 27. e6 Nf6 28. Rxd8+ Qxd8 29. e7 Qc8 30. Nd5 Ne8
31. Bxe8 c6 32. Bxf7+
1-0

[Event "the 4th english slow knockout "]
[Site "SchemingMind.com"]
[Date "2020.09.17"]
[Round "-"]
[White "Olli Ylönen"]
[Black "frankly"]
[Result "0-1"]
[WhiteCountry "FIN"]
[BlackCountry "ENG"]
[WhiteElo "1842"]
[WhiteRD "121"]
[BlackElo "2594"]
[BlackRD "63"]
[GameID "459977"]

1. c4 e5 2. Nc3 Nf6 3. Nf3 Nc6 4. g3 d5 5. cxd5 Nxd5 6. Bg2 Nb6 7. O-O Be7 8. a3 O-O 9. b4 Be6 10. Rb1 f6
11. d3 a5 12. b5 Nd4 13. Nd2 Qc8 14. e3 Nf5 15. Bb2 a4 16. Qc2 Nd6 17. f4 exf4 18. Rxf4 Bf7 19. Nde4 Qe8 20. Nxd6 Bxd6
21. Re4 Bb3 22. Rxe8 Bxc2 23. Rxa8 Rxa8 24. Re1 Bxd3 25. Bxb7 Ra5 26. Ba6 Nc4 27. Bc1 Kf8 28. Rd1 Bc2 29. Rd4 Bxa3 30. Rxc4 Bxc1
31. Nd5 Bb3 32. Rxc1 Bxd5 33. Rxc7 a3 34. Rc1 a2 35. Ra1 Ke7 36. Kf2 Ra4 37. h4 Rb4
0-1

[Event "the 4th english slow knockout "]
[Site "SchemingMind.com"]
[Date "2020.10.20"]
[Round "-"]
[White "dadshane2000"]
[Black "Ramesh Panwar"]
[Result "0-1"]
[WhiteCountry "USA"]
[BlackCountry "IND"]
[WhiteElo "1564"]
[WhiteRD "88"]
[BlackElo "2575"]
[BlackRD "84"]
[GameID "461185"]

1. c4 c5 2. Nf3 Nf6 3. d4 cxd4 4. Nxd4 e6 5. g3 d5 6. Bg2 e5 7. Nf3 d4 8. O-O Nc6 9. e3 Be7 10. exd4 exd4
11. Nbd2 O-O 12. Nb3 d3 13. Re1 a5 14. Ne5 Nxe5 15. Rxe5 a4 16. Nd2 Qc7 17. Nf3 Ng4 18. Rd5 Qb6 19. Rxd3 Qxf2+ 20. Kh1 Qb6
0-1

[Event "the 4th english slow knockout "]
[Site "SchemingMind.com"]
[Date "2020.10.20"]
[Round "-"]
[White "Ramesh Panwar"]
[Black "dadshane2000"]
[Result "1-0"]
[WhiteCountry "IND"]
[BlackCountry "USA"]
[WhiteElo "2575"]
[WhiteRD "84"]
[BlackElo "1564"]
[BlackRD "88"]
[GameID "461186"]

1. c4 g6 2. d4 Nf6 3. Nc3 Bg7 4. e4 d6 5. Nf3 O-O 6. Be2 e5 7. O-O exd4 8. Nxd4 a6 9. Bg5 h6 10. Be3 Bd7
11. Nc2 Nc6 12. f3 Re8 13. Qd2 Nh7 14. Bxh6 Be6 15. Bxg7 Kxg7 16. f4 f5 17. exf5 Bxf5 18. Ne3 Qd7 19. Nxf5+ gxf5 20. Nd5 Ne7
21. Qc3+ Kg6 22. Rf3 Nxd5 23. Rg3+ Kh6 24. Rh3+ Kg6 25. Bh5+
1-0

[Event "the 4th english slow knockout "]
[Site "SchemingMind.com"]
[Date "2020.10.21"]
[Round "-"]
[White "Clive Everill"]
[Black "Arnold Jones"]
[Result "0-1"]
[WhiteCountry "CZE"]
[BlackCountry "ENG"]
[WhiteElo "1754"]
[WhiteRD "58"]
[BlackElo "1587"]
[BlackRD "59"]
[GameID "461294"]

1. c4 e5 2. Nc3 Bc5 3. e3 c6 4. Ne4 d6 5. Nxc5 dxc5 6. Nf3 e4 7. Ng1 f5 8. Ne2 g5 9. Nc3 Nf6 10. d4 cxd4
11. exd4 h6 12. Be2 f4 13. Bh5+ Kf8 14. Bg6 Qe7 15. O-O Kg7 16. Bh5 Bf5 17. Be2 e3 18. fxe3 g4 19. Rxf4 Qd7 20. Bd3 Be6
21. Qf1 Nh5 22. Rf2 g3 23. Re2 gxh2+ 24. Kxh2 Qd6+ 25. Kg1 Rf8 26. Rf2 Ng3 27. Qe1 Nd7 28. Ne4 Nxe4 29. Bxe4 Rxf2 30. Qxf2 Rf8
31. Qh4 Bxc4 32. Qg4+ Kh8 33. b3 Rf1#
0-1

[Event "the 4th english slow knockout "]
[Site "SchemingMind.com"]
[Date "2020.10.21"]
[Round "-"]
[White "Arnold Jones"]
[Black "Clive Everill"]
[Result "0-1"]
[WhiteCountry "ENG"]
[BlackCountry "CZE"]
[WhiteElo "1587"]
[WhiteRD "59"]
[BlackElo "1754"]
[BlackRD "58"]
[GameID "461295"]

1. c4 Nf6 2. d4 e6 3. Nc3 Bb4 4. f3 d5 5. e3 c5 6. a3 Bxc3+ 7. bxc3 O-O 8. dxc5 Qa5 9. Bd2 Qxc5 10. Qb3 b6
11. Bd3 Ba6 12. Qb4 Qc6 13. cxd5 Nxd5 14. Qe4 f5 15. Qd4 e5 16. Qxe5 Bxd3 17. Qd4 Ba6 18. f4 Qb5 19. Kf2 Nc6 20. a4 Qb3
21. Ra3 Qc4 22. Qxc4 Bxc4 23. Nf3 Rae8 24. Re1 Na5 25. Nd4 g6 26. h4 Bd3 27. Nf3 Nc4 28. Ra2 h6 29. Nd4 Re4 30. g3 Rfe8
31. Nc6 a6 32. Bc1 Ndxe3 33. Bxe3 Nxe3 34. Nb4 Bc4 35. Rxe3 Rxe3 36. Rc2 Re2+ 37. Rxe2 Rxe2+ 38. Kf3 a5 39. Nc6 Rc2 40. Ke3 Rxc3+
41. Kd4 Rc1 42. Ne5 Bf7 43. g4 fxg4 44. Nxg4 h5 45. Nh6+ Kg7 46. Nxf7 Kxf7 47. Kd5 Rh1 48. Kc6 Rxh4
0-1

[Event "the 4th english slow knockout "]
[Site "SchemingMind.com"]
[Date "2020.11.09"]
[Round "-"]
[White "Uzi Mike"]
[Black "Diadoco"]
[Result "1-0"]
[WhiteCountry "USA"]
[BlackCountry "MEX"]
[WhiteElo "2430"]
[WhiteRD "71"]
[BlackElo "1925"]
[BlackRD "116"]
[GameID "461843"]

1. c4 e5 2. Nc3 Nf6 3. Nf3 Nc6 4. g3 g6 5. d4 exd4 6. Nxd4 Bg7 7. Bg2 O-O 8. Bf4 Re8 9. Nxc6 bxc6 10. O-O Rb8
11. Qd2 Nh5 12. Be3 a6 13. Bf3 Bb7 14. Bxh5 gxh5 15. Ba7 Ra8 16. Bd4 h4 17. Bxg7 Kxg7 18. Qd4+ Kg8 19. Ne4 Re6 20. Nc5 Rb8
21. Nxe6 dxe6 22. Qxd8+ Rxd8 23. Rad1 Rd6 24. Rxd6 cxd6 25. Rd1 d5 26. Rd3 hxg3 27. Rxg3+ Kf8 28. Rb3 dxc4 29. Rxb7
1-0

[Event "the 4th english slow knockout "]
[Site "SchemingMind.com"]
[Date "2020.11.09"]
[Round "-"]
[White "Diadoco"]
[Black "Uzi Mike"]
[Result "0-1"]
[WhiteCountry "MEX"]
[BlackCountry "USA"]
[WhiteElo "1921"]
[WhiteRD "119"]
[BlackElo "2420"]
[BlackRD "75"]
[GameID "461844"]

1. c4 e5 2. Nc3 Nf6 3. g3 Bb4 4. Bg2 O-O 5. e4 Bxc3 6. bxc3 c6 7. Nf3 Nxe4 8. O-O d5 9. cxd5 cxd5 10. Nxe5 Nc6
11. Nxc6 bxc6 12. Ba3 Re8 13. Qc2 Bf5 14. d3 Ng5 15. h4 Ne6 16. Qd2 Qa5 17. Bb4 Qa4 18. d4 a5 19. Bd6 Rad8 20. Bf4 Qb5
21. Be3 Rb8 22. a4 Qa6 23. Rfc1 h6 24. Bf1 Qa8 25. Bd3 Bxd3 26. Qxd3 Rb3 27. Rcb1 Reb8 28. Rxb3 Rxb3 29. Qc2 Qb7 30. Ra2 Rb1+
31. Kh2 Rb6 32. Qd2 Rb3 33. Qc2 Rb1 34. Bc1 Qb3 35. Qxb3 Rxb3 36. Bd2 c5 37. dxc5 Nxc5 38. f3 f6 39. Kg2 Kf7 40. Kf2 Nd3+
41. Ke3 Nb4
0-1

[Event "the 4th english slow knockout "]
[Site "SchemingMind.com"]
[Date "2021.03.15"]
[Round "-"]
[White "Uzi Mike"]
[Black "Daryl Fouard"]
[Result "1-0"]
[WhiteCountry "USA"]
[BlackCountry "USA"]
[WhiteElo "2334"]
[WhiteRD "84"]
[BlackElo "1716"]
[BlackRD "124"]
[GameID "709320"]

1. c4 Nf6 2. d4 c5 3. d5 b5 4. cxb5 a6 5. Nc3 axb5 6. e4 Qa5 7. Bxb5 Nxe4 8. Ne2 Nxc3 9. Nxc3 Ba6 10. Bxa6 Nxa6
11. O-O d6 12. Re1 g6 13. Ne4 O-O-O 14. b4 Qxb4 15. Bd2 Qa3 16. Re3
1-0

[Event "the 4th english slow knockout "]
[Site "SchemingMind.com"]
[Date "2021.03.14"]
[Round "-"]
[White "Daryl Fouard"]
[Black "Uzi Mike"]
[Result "0-1"]
[WhiteCountry "USA"]
[BlackCountry "USA"]
[WhiteElo "1708"]
[WhiteRD "118"]
[BlackElo "2345"]
[BlackRD "90"]
[GameID "709321"]

1. c4 e5 2. g3 Nf6 3. Bg2 d5 4. cxd5 Nxd5 5. Nf3 Nc6 6. O-O Nb6 7. b3 Be7 8. Bb2 f6 9. d3 Be6 10. Nbd2 Qd7
11. a3 O-O 12. Bh1 Rfd8 13. Re1 a5 14. Rc1 Nc8 15. a4 Nb6 16. Nc4 Nd5 17. Ba3 Bxa3 18. Nxa3 Ndb4 19. Nd2 Rac8 20. Ne4 b6
21. Rc3 Bd5 22. Qa1 f5 23. Nd2 Bxh1 24. Kxh1 e4 25. Rec1 Nd4 26. Re1 exd3 27. exd3 Re8 28. Rxe8+ Rxe8 29. Qf1 Qd5+ 30. f3 Re2
31. Nab1 Qe5 32. Rc1 Qe3 33. Rxc7 Nxd3
0-1

[Event "the 4th english slow knockout "]
[Site "SchemingMind.com"]
[Date "2021.03.16"]
[Round "-"]
[White "Johnny Owens"]
[Black "Ramesh Panwar"]
[Result "0-1"]
[WhiteCountry "USA"]
[BlackCountry "IND"]
[WhiteElo "1894"]
[WhiteRD "80"]
[BlackElo "2554"]
[BlackRD "92"]
[GameID "709515"]

1. c4 e5 2. g3 Nf6 3. Bg2 Bc5 4. e3 d5 5. cxd5 Nxd5 6. a3 Be6 7. Nf3 Nc6 8. b4 Bb6 9. b5 Na5 10. Nxe5 Ne7
11. a4 f6 12. Nc3 fxe5 13. O-O Qd7 14. Ne4 O-O-O 15. Qh5 Ng6 16. h3 Kb8
0-1

[Event "the 4th english slow knockout "]
[Site "SchemingMind.com"]
[Date "2021.03.14"]
[Round "-"]
[White "Ramesh Panwar"]
[Black "Johnny Owens"]
[Result "1-0"]
[WhiteCountry "IND"]
[BlackCountry "USA"]
[WhiteElo "2554"]
[WhiteRD "92"]
[BlackElo "1894"]
[BlackRD "80"]
[GameID "709516"]

1. c4 b6 2. d4 Bb7 3. Nc3 e6 4. e4 Bb4 5. Ne2 Bxe4 6. a3 Bxc3+ 7. Nxc3 Bg6 8. Bf4 Ne7 9. Nb5 d6 10. c5 O-O
11. cxd6 cxd6 12. Nxd6 a6 13. h4 h6 14. h5 Bh7 15. Rc1 Ra7 16. Qg4 Kh8 17. Rc3
1-0

[Event "the 4th english slow knockout "]
[Site "SchemingMind.com"]
[Date "2021.06.17"]
[Round "-"]
[White "Clive Everill"]
[Black "Ramesh Panwar"]
[Result "0-1"]
[WhiteCountry "CZE"]
[BlackCountry "IND"]
[WhiteElo "1747"]
[WhiteRD "60"]
[BlackElo "2554"]
[BlackRD "92"]
[GameID "712522"]

1. c4 e5 2. Nc3 Nf6 3. Nf3 Nc6 4. g3 Bb4 5. Nd5 e4 6. Nh4 Bc5 7. Bg2 d6 8. d3 exd3 9. Qxd3 O-O 10. O-O Ne5
11. Qc3 Nxd5 12. Bxd5 c6 13. Bg2 a5 14. a3 Qf6 15. e3 Be6 16. f4 Nxc4 17. Qxf6 gxf6 18. Re1 a4 19. f5 Bd7 20. Kh1 d5
21. g4 Rfe8 22. e4 Bf2 23. Rd1 Bxh4 24. exd5 cxd5 25. Bh6 Nb6 26. Rd2 Bc6 27. Rad1 Nc4 28. Rc2 Bg5 29. Bxg5 fxg5 30. Rf2 Rad8
31. h3 d4 32. Bxc6 bxc6 33. Rd3 Re3 34. Rd1 d3 35. Kg2 d2 36. Rff1 Rdd3
0-1

[Event "the 4th english slow knockout "]
[Site "SchemingMind.com"]
[Date "2021.06.17"]
[Round "-"]
[White "Ramesh Panwar"]
[Black "Clive Everill"]
[Result "1-0"]
[WhiteCountry "IND"]
[BlackCountry "CZE"]
[WhiteElo "2554"]
[WhiteRD "92"]
[BlackElo "1747"]
[BlackRD "60"]
[GameID "712523"]

1. c4 c5 2. Nf3 Nc6 3. Nc3 g6 4. g3 Bg7 5. Bg2 e6 6. d4 cxd4 7. Nb5 d5 8. cxd5 exd5 9. O-O Nge7 10. Bf4 O-O
11. Nc7 Rb8 12. Nb5 Ra8 13. Rc1 Be6 14. Nfxd4 Nxd4 15. Nxd4 Rc8 16. Nxe6 fxe6 17. Rxc8 Qxc8 18. Qb3 b6 19. Rc1 Qa6 20. Rc7 Re8
21. Bf1 Qa5 22. e4 Bf6 23. e5 Bg7 24. Bb5 Qe1+ 25. Kg2 Bxe5 26. Rc1 Qe4+ 27. f3 Qf5 28. Bxe5 Rf8 29. Bd6 Rf7 30. Rc7 Qf6
31. f4 Nf5 32. Rc8+
1-0

[Event "the 4th english slow knockout "]
[Site "SchemingMind.com"]
[Date "2021.09.14"]
[Round "-"]
[White "Uzi Mike"]
[Black "frankly"]
[Result "1/2-1/2"]
[WhiteCountry "USA"]
[BlackCountry "ENG"]
[WhiteElo "2233"]
[WhiteRD "95"]
[BlackElo "2549"]
[BlackRD "80"]
[GameID "715196"]

1. c4 e5 2. Nc3 Nf6 3. Nf3 Nc6 4. e4 Bb4 5. d3 Bc5 6. Nxe5 Nxe5 7. d4 Bb4 8. dxe5 Nxe4 9. Qd4 Nxc3 10. bxc3 Be7
11. Be2 O-O 12. O-O d6 13. Bf4 b6 14. Rfd1 Re8 15. Bf3 Rb8 16. exd6 Bxd6 17. Bxd6 Qxd6 18. Qxd6 cxd6 19. Rxd6 Be6 20. Rd4 Rbc8
21. Bd5 Bxd5 22. cxd5 Rxc3 23. g4 Rd8 24. d6 Rd7 25. Rad1 f6 26. f4 Rc2 27. a4 g6 28. Kh1 Kf7 29. R1d3 Rc6 30. Rd2 Ke6
31. Re4+ Kf7 32. Red4 Ke8 33. Re2+ Kd8 34. Re6 Rf7 35. Rde4 a5 36. f5 Kd7 37. Re7+ Rxe7 38. dxe7 Ke8 39. fxg6 hxg6 40. h4 f5
41. Re2 fxg4 42. Kg2 Rd6 43. Re4 Rd2+ 44. Kg3 Rd7 45. Rxg4 Rd6 46. Re4=
1/2-1/2

[Event "the 4th english slow knockout "]
[Site "SchemingMind.com"]
[Date "2021.09.15"]
[Round "-"]
[White "frankly"]
[Black "Uzi Mike"]
[Result "1-0"]
[WhiteCountry "ENG"]
[BlackCountry "USA"]
[WhiteElo "2568"]
[WhiteRD "85"]
[BlackElo "2251"]
[BlackRD "99"]
[GameID "715197"]

1. c4 e5 2. Nc3 b6 3. Nf3 d6 4. g3 Bb7 5. Bg2 Nf6 6. d4 exd4 7. Qxd4 Be7 8. b3 O-O 9. Bb2 Re8 10. O-O a5
11. Rfe1 Nfd7 12. Qd2 Bf6 13. Nd5 Bxd5 14. cxd5 Nc5 15. Nd4 Nbd7 16. Nc6 Qc8 17. Bxf6 Nxf6 18. f3 Qf5 19. e4 Qh5 20. Nd4 Nfd7
21. Rac1 h6 22. Re3 Nf6 23. Bf1 Qg5 24. Rce1 Rf8 25. Bb5 Rfd8 26. Nf5 Kh8 27. h4 Qg6 28. g4 Nfd7 29. Qg2 h5 30. g5 Nf8
31. f4 Qh7 32. Rf1 Ncd7 33. Qc2 Rab8 34. Qc3 Rdc8 35. Nh6 f6 36. Nf5 fxg5 37. hxg5 Nc5 38. Qc2 Ng6 39. a3 Ra8 40. b4 axb4
41. axb4 Ra7 42. bxc5
1-0

[Event "the 4th english slow knockout "]
[Site "SchemingMind.com"]
[Date "2022.03.15"]
[Round "-"]
[White "frankly"]
[Black "Ramesh Panwar"]
[Result "1/2-1/2"]
[WhiteCountry "ENG"]
[BlackCountry "IND"]
[WhiteElo "2556"]
[WhiteRD "81"]
[BlackElo "2538"]
[BlackRD "107"]
[GameID "721495"]

1. c4 Nf6 2. d4 e6 3. Nf3 b6 4. g3 Bb7 5. Bg2 Bb4+ 6. Bd2 Bxd2+ 7. Qxd2 O-O 8. Nc3 d5 9. cxd5 exd5 10. O-O Nbd7
11. b4 c6 12. Rfc1 Re8 13. Qb2 a5 14. a3 Qe7 15. Ne1 axb4 16. Qxb4 g6 17. Bf3 Ba6 18. Qxe7 Rxe7 19. a4 h5 20. a5 Bc4
21. axb6 Nxb6 22. Rxa8+ Nxa8 23. Nc2 Rb7 24. Rb1 Nb6 25. Ne3 Ba6 26. Nc2 Nbd7 27. Rxb7 Bxb7 28. e4 dxe4 29. Bxe4 Nxe4=
1/2-1/2

[Event "the 4th english slow knockout "]
[Site "SchemingMind.com"]
[Date "2022.03.16"]
[Round "-"]
[White "Ramesh Panwar"]
[Black "frankly"]
[Result "1/2-1/2"]
[WhiteCountry "IND"]
[BlackCountry "ENG"]
[WhiteElo "2538"]
[WhiteRD "107"]
[BlackElo "2556"]
[BlackRD "81"]
[GameID "721496"]

1. c4 e5 2. Nc3 Nf6 3. Nf3 Nc6 4. g3 d5 5. cxd5 Nxd5 6. Bg2 Nb6 7. O-O Be7 8. a3 O-O 9. b4 Be6 10. d3 a5
11. b5 Nd4 12. Rb1 f6 13. Nxd4 exd4 14. Na4 Bd5 15. Bxd5+ Qxd5 16. e3 Nxa4 17. Qxa4 dxe3 18. Bxe3 Rf7 19. Qb3 Rd8 20. d4 Qxb3
21. Rxb3 b6 22. Rc1 Bd6 23. d5 h5 24. Rc4 Kh7 25. Rd3 g5 26. a4 Kg6 27. h3 Re8 28. Kg2 Rfe7 29. Kf3=
1/2-1/2